Score 0/48 Timer 05:00
0 Plays Today
Hint 4-Letter Word % Correct
♫ Calling Dr. ____, 1976 ♫ LOVE
92.9%
Not pre-recordedLIVE
92.2%
Walk through shallow waterWADE
91.6%
Castle in chessROOK
89.9%
Back part of the foot HEEL
89.9%
Banana coveringPEEL
89.9%
Aged between 12 and 20TEEN
89.7%
Shafts of sunlightRAYS
88.8%
Prepare to have photo takenPOSE
88.2%
Wingless head pestsLICE
87.5%
Bus ride feeFARE
87.5%
Rogers, Orbison, and ScheiderROYS
86.6%
♫ Detroit ____ City, 1976 ♫ ROCK
86.6%
♫ Nothin’ to ____, 1974 ♫ LOSE
86.2%
Small skin openingPORE
85.8%
Large leaping marsupials (abbrev.)ROOS
84.4%
Window glassPANE
83.3%
Moranis, Perry, or PitinoRICK
82.6%
Trim off outer partPARE
82.2%
♫ I Was ____ for Lovin’ You, 1979 ♫ MADE
81.7%
Jell-O shaperMOLD
81.6%
Adverb of what happens nextTHEN
81.6%
Coniferous treePINE
81.4%
Non-striking end of hammer headPEEN
81.3%
Hint 4-Letter Word % Correct
To have grasped in handsHELD
80.6%
♫ ____ Lightning Strikes, 2009 ♫ WHEN
79.7%
♫ ____ or Hallelujah, 2012 ♫ HELL
79.5%
Take quick, short breathsPANT
79.2%
♫ ____ It Up, 1983 ♫ LICK
79.1%
♫ Strange ____, 1974 ♫ WAYS
78%
♫ Rock and Roll All ____, 1975 ♫ NITE
78%
Heal effects of diseaseCURE
77.9%
Blend or combineMELD
77.8%
Soured milk cheese basisCURD
76.6%
Cannon packing materialsWADS
76.1%
♫ I ____ You, 1976 ♫ WANT
75.9%
Lightweight flying toyKITE
75%
Players on baseball teamNINE
73.7%
Flexible electrical wireCORD
73.2%
Fox babiesKITS
71.1%
♫ ____ Gin, 1973 ♫ COLD
69.9%
SharpenWHET
62.5%
♫ THE BAND ♫ KISS
61.3%
♫ ____house, 1974 ♫ FIRE
55.8%
♫ ____ Know Something, 1979 ♫ SURE
55.3%
Tarry, mark timeWAIT
50.7%
Dam's counterpart (in horses)SIRE
49.6%
Smallest particle imaginable WHIT
47.5%

Today's Daily Dose

You're not logged in!

Compare scores with friends on all Sporcle quizzes.
OR
Log In

Sporcle TV

Today on Sporcle TV


Watch our educational content, quiz creation guides, and fun videos on Sporcle TV.

Show Comments

Extras

Top Quizzes Today


Score Distribution

Your Account Isn't Verified!

In order to create a playlist on Sporcle, you need to verify the email address you used during registration. Go to your Sporcle Settings to finish the process.

Report this User

Report this user for behavior that violates our Community Guidelines.

Details: